MARC

LEADER 00000nam0a2200000 4500
001 289467
005 20231102000206.0
035 |a (RuTPU)RU\TPU\book\313973 
090 |a 289467 
100 |a 20150401d1972 km y0rusy50 ca 
101 0 |a rus 
102 |a RU 
105 |a a z 000zy 
200 1 |a Искусственные органы и биоуправляемые протезы  |f сост. В. И. Шумаков, Я. С. Якобсон 
210 |a Москва  |c Знание  |d 1972 
215 |a 80 с.  |c ил. 
225 1 |a Естественнонаучный факультет 
225 1 |a Знание. Народный университет 
320 |a Библиогр.: с. 
606 1 |a Протезирование  |2 stltpush  |3 (RuTPU)RU\TPU\subj\70889  |9 85041 
610 1 |a искусственные органы 
610 1 |a биоуправление 
610 1 |a протезы 
610 1 |a микроэлектроника 
675 |a 616  |v 3 
702 1 |a Шумаков  |b В. И.  |4 220 
702 1 |a Якобсон  |b Я. С.  |4 220 
801 1 |a RU  |b 63413507  |c 20150401 
801 2 |a RU  |b 63413507  |c 20170920  |g RCR 
942 |c BK